Romancing The Thames/ (Record no. 167278)

MARC details
000 -LEADER
fixed length control field 00705nam a22002297a 4500
005 - DATE AND TIME OF LATEST TRANSACTION
control field 20250808142544.0
010 ## - LCCN (DPL NO)
LC control number ENG-126314 ENG-146429
020 ## - INTERNATIONAL STANDARD BOOK NUMBER
Terms of availability 995.00
International Standard Book Number 978-93-80458-73-1
035 ## - SYSTEM CONTROL NUMBER
System control number EN-109846
035 ## - SYSTEM CONTROL NUMBER
System control number EN-129961
037 ## - SOURCE OF ACQUISITION
Source of stock number/acquisition DBAD
082 ## - DEWEY DECIMAL CLASSIFICATION NUMBER
Classification number N
100 ## - MAIN ENTRY--PERSONAL NAME
Personal name Shrivastav, Santosh
245 ## - TITLE STATEMENT
Title Romancing The Thames/
Statement of responsibility, etc by Santosh Shrivastav;translated by Sheel Negam [and] Vinay Nigam
260 ## - PUBLICATION, DISTRIBUTION, ETC. (IMPRINT)
Place of publication, distribution, etc New Delhi
Name of publisher, distributor, etc Samayik Books
Date of publication, distribution, etc 2019,2024
270 ## - ADDRESS
City New Delhi
Address 3320-21 Jatwara, Daryaganj, N.S. Marg,
Postal code 110002
300 ## - PHYSICAL DESCRIPTION
Extent 352p.
Dimensions 22cm(hb)
650 ## - SUBJECT ADDED ENTRY--TOPICAL TERM
Topical term or geographic name as entry element ENGLISH NOVEL
700 ## - ADDED ENTRY--PERSONAL NAME
Personal name Negam,Sheel
9 (RLIN) 84000
700 ## - ADDED ENTRY--PERSONAL NAME
Personal name Nigam,Vinay
9 (RLIN) 84001
942 ## - ADDED ENTRY ELEMENTS (KOHA)
Source of classification or shelving scheme Dewey Decimal Classification
Item type English Books
Classification part N
Call number suffix SHR
Holdings
Withdrawn status Lost status Not for loan Collection code Home library Current library Date acquired Source of acquisition Cost, normal purchase price Full call number Barcode Copy number Cost, replacement price Koha item type
    Not For Loan Fiction D.B.Act.Division D.B.Act.Division 08/08/2025 Delivery of Books Act Division 995.00 N SHR EN-129961 1 995.00 English Books
      Fiction Sarojini Nagar Sarojini Nagar 26/08/2019 DBAD/PUB 995.00 N SHR EN-109846 1 995.00 English Books

© Delhi Public Library
Hit Counter
free hit counter